[Event "FICGS rapid M 000145 email"]
[Site "FICGS email"]
[Date "2023.04.05"]
[Round "1"]
[White "Ambos, Ilmar"]
[Black "Duttagupta, Aniruddha"]
[Result "1/2-1/2"]
[WhiteElo "2247"]
[BlackElo "2235"]
[PlyCount "76"]
[EventDate "2023.??.??"]
[EventType "tourn (rapid)"]
[EventRounds "6"]
[SourceTitle "Corr 2024"]
[Source "ChessBase"]
[SourceDate "2023.10.19"]
[SourceVersion "1"]
[SourceVersionDate "2023.10.19"]
[SourceQuality "1"]

1. d4 d5 2. c4 e6 3. Nf3 Nf6 4. g3 Bb4+ 5. Bd2 Bd6 6. Bg2 c6 7. Nc3 Nbd7 8. b3 dxc4 9. bxc4 e5 10. e3 exd4 11. exd4 Qe7+ 12. Ne2 0-0 13. 0-0 Ne4 14. Bf4 Ndf6 15. c5 Bc7 16. Rc1 h6 17. Bxc7 Qxc7 18. Ne5 Bf5 19. g4 Bh7 20. f4 Rfe8 21. f5 Rad8 22. Qc2 Rxd4 23. Nxd4 Qxe5 24. Qb2 h5 25. gxh5 Rd8 26. Rcd1 Kh8 27. h6 gxh6 28. Qa1 Qxc5 29. Kh1 Qc3 30. Nb3 Rxd1 31. Qxd1 Qe5 32. Qc1 Kg7 33. Qf4 Qxf4 34. Rxf4 Nd6 35. a4 Bxf5 36. a5 Be4 37. Bxe4 Nfxe4 38. Nd4 c5 1/2-1/2

[Event "FICGS class M 000109 email"]
[Site "FICGS email"]
[Date "2022.09.07"]
[Round "1"]
[White "Maceda, Coco"]
[Black "Ambos, Ilmar"]
[Result "1/2-1/2"]
[WhiteElo "2261"]
[BlackElo "2257"]
[PlyCount "90"]
[EventDate "2022.??.??"]
[EventType "tourn (corr)"]
[EventRounds "6"]
[SourceTitle "Corr 2024"]
[Source "ChessBase"]
[SourceDate "2023.10.19"]
[SourceVersion "1"]
[SourceVersionDate "2023.10.19"]
[SourceQuality "1"]

1. e4 c5 2. Nf3 d6 3. d4 cxd4 4. Nxd4 Nf6 5. Nc3 a6 6. h3 e5 7. Nde2 h5 8. g3 Be7 9. Bg2 b5 10. Nd5 Nxd5 11. Qxd5 Ra7 12. Be3 Rb7 13. Qd2 Nd7 14. b3 Rc7 15. 0-0 Bb7 16. a4 b4 17. c4 a5 18. Rad1 h4 19. gxh4 g6 20. Ng3 Rxh4 21. f4 exf4 22. Bxf4 Nc5 23. Qf2 Rd7 24. Bxd6 Bxd6 25. Rxd6 Qe7 26. e5 Bxg2 27. Kxg2 Nd3 28. Qb6 Nxe5 29. Rfd1 Rxd6 30. Rxd6 Kf8 31. Rd5 Kg7 32. Qe3 Nc6 33. Qxe7 Nxe7 34. Rxa5 Rd4 35. Re5 Nc6 36. Re3 f5 37. Ne2 Rd2 38. Kf1 g5 39. Re6 Na5 40. Ng3 Kf7 41. Re5 Nxb3 42. Rxf5+ Ke6 43. Rb5 Ra2 44. Rxb4 Nd2+ 45. Ke1 Kd6 1/2-1/2

[Event "FICGS class A 000261 email"]
[Site "FICGS email"]
[Date "2022.08.23"]
[Round "1"]
[White "Cleto Junior, Dirceu"]
[Black "Ambos, Ilmar"]
[Result "0-1"]
[WhiteElo "2079"]
[BlackElo "2254"]
[PlyCount "50"]
[EventDate "2022.??.??"]
[EventType "tourn (corr)"]
[EventRounds "6"]
[SourceTitle "Corr 2024"]
[Source "ChessBase"]
[SourceDate "2023.10.19"]
[SourceVersion "1"]
[SourceVersionDate "2023.10.19"]
[SourceQuality "1"]

1. e4 c5 2. Nf3 d6 3. d4 cxd4 4. Nxd4 Nf6 5. Nc3 a6 6. g3 e5 7. Nb3 Be7 8. Bg2 b5 9. a4 b4 10. Nd5 Nxd5 11. Qxd5 Ra7 12. Be3 Be6 13. Qd3 Ra8 14. a5 Nd7 15. 0-0 0-0 16. Rfc1 Nc5 17. Nxc5 dxc5 18. Qe2 Qc7 19. Bf3 Qc8 20. Rd1 h6 21. h3 Bxh3 22. g4 h5 23. gxh5 f5 24. Rd5 f4 25. Bd2 Qe6 0-1

[Event "FICGS class A 000261 email"]
[Site "FICGS email"]
[Date "2022.08.23"]
[Round "1"]
[White "Schleef, Harald"]
[Black "Ambos, Ilmar"]
[Result "1/2-1/2"]
[WhiteElo "2016"]
[BlackElo "2254"]
[PlyCount "74"]
[EventDate "2022.??.??"]
[EventType "tourn (corr)"]
[EventRounds "6"]
[SourceTitle "Corr 2024"]
[Source "ChessBase"]
[SourceDate "2023.10.19"]
[SourceVersion "1"]
[SourceVersionDate "2023.10.19"]
[SourceQuality "1"]

1. e4 c5 2. Nf3 d6 3. d4 cxd4 4. Nxd4 Nf6 5. Nc3 a6 6. Be2 e5 7. Nf3 Be7 8. Bg5 Be6 9. Bxf6 Bxf6 10. Qd2 0-0 11. 0-0 Qc7 12. Rfd1 Be7 13. Nd5 Bxd5 14. Qxd5 Nd7 15. Nd2 b5 16. c3 Rad8 17. g3 g6 18. Qb3 Kg7 19. a3 f5 20. exf5 Nc5 21. Qa2 d5 22. fxg6 hxg6 23. Nf3 Qd6 24. b4 Ne4 25. Qc2 Rc8 26. Qxe4 dxe4 27. Rxd6 exf3 28. Rxa6 fxe2 29. Re1 Bd8 30. Rxe2 Rxc3 31. Ra7+ Rf7 32. Rxf7+ Kxf7 33. Rxe5 Rxa3 34. Rxb5 g5 35. Kg2 g4 36. Rb7+ Kg6 37. h3 gxh3+ 1/2-1/2

[Event "FICGS class A 000260 email"]
[Site "FICGS email"]
[Date "2022.07.15"]
[Round "1"]
[White "Ambos, Ilmar"]
[Black "Hallqvist, Niklas"]
[Result "1/2-1/2"]
[WhiteElo "2254"]
[BlackElo "2231"]
[PlyCount "61"]
[EventDate "2022.??.??"]
[EventType "tourn (corr)"]
[EventRounds "6"]
[SourceTitle "Corr 2024"]
[Source "ChessBase"]
[SourceDate "2023.10.19"]
[SourceVersion "1"]
[SourceVersionDate "2023.10.19"]
[SourceQuality "1"]

1. d4 e6 2. e4 d5 3. e5 c5 4. c3 Qb6 5. Nf3 Nc6 6. a3 Nh6 7. b4 cxd4 8. cxd4 Nf5 9. Bb2 Bd7 10. g4 Nfe7 11. Nc3 Na5 12. Qc2 Nc4 13. Bxc4 dxc4 14. Nd2 Qc6 15. Nce4 c3 16. Qxc3 Nd5 17. Qb3 Rc8 18. 0-0 Qb5 19. f4 Be7 20. Rae1 Qa4 21. Qg3 Rc2 22. Bc1 0-0 23. f5 Rfc8 24. f6 Bb5 25. fxe7 Bxf1 26. Nxf1 Rxc1 27. Rxc1 Rxc1 28. Nd6 Rxf1+ 29. Kxf1 Qd1+ 30. Kg2 Qe2+ 31. Kg1 1/2-1/2

[Event "FICGS class A 000260 email"]
[Site "FICGS email"]
[Date "2022.07.15"]
[Round "1"]
[White "Schleef, Harald"]
[Black "Ambos, Ilmar"]
[Result "1/2-1/2"]
[WhiteElo "2016"]
[BlackElo "2254"]
[PlyCount "64"]
[EventDate "2022.??.??"]
[EventType "tourn (corr)"]
[EventRounds "6"]
[SourceTitle "Corr 2024"]
[Source "ChessBase"]
[SourceDate "2023.10.19"]
[SourceVersion "1"]
[SourceVersionDate "2023.10.19"]
[SourceQuality "1"]

1. d4 Nf6 2. c4 g6 3. Nc3 Bg7 4. Nf3 d5 5. cxd5 Nxd5 6. e4 Nxc3 7. bxc3 c5 8. Be3 Qa5 9. Qd2 Nc6 10. Rb1 a6 11. Rc1 cxd4 12. cxd4 Qxd2+ 13. Kxd2 e6 14. Bd3 0-0 15. Rc4 Bd7 16. Rhc1 Rfc8 17. d5 exd5 18. exd5 Ne5 19. Rxc8+ Rxc8 20. Rxc8+ Bxc8 21. Nxe5 Bxe5 22. Bc5 Bxh2 23. g3 h5 24. Be7 Kg7 25. d6 Bd7 26. Ke3 h4 27. gxh4 a5 28. Be4 Bc8 29. Kd3 f5 30. Bd5 b6 31. Kc4 Bd7 32. Bb7 Bg1 1/2-1/2

[Event "FICGS rapid A 000277 email"]
[Site "FICGS email"]
[Date "2021.12.19"]
[Round "1"]
[White "Ambos, Ilmar"]
[Black "Mevel, Alberic"]
[Result "1-0"]
[WhiteElo "2194"]
[BlackElo "2072"]
[PlyCount "23"]
[EventDate "2021.??.??"]
[EventType "tourn (rapid)"]
[EventRounds "6"]
[SourceTitle "Corr 2024"]
[Source "ChessBase"]
[SourceDate "2023.10.19"]
[SourceVersion "1"]
[SourceVersionDate "2023.10.19"]
[SourceQuality "1"]

1. e4 c5 2. Nf3 e6 3. d4 cxd4 4. Nxd4 Nf6 5. Nc3 Nc6 6. Nxc6 bxc6 7. e5 Nd5 8. Ne4 Qc7 9. f4 Qb6 10. c4 Ne3 11. Qd3 Nf5 12. Bd2 1-0

[Event "FICGS rapid A 000277 email"]
[Site "FICGS email"]
[Date "2021.12.19"]
[Round "1"]
[White "Domingo, Jordi"]
[Black "Ambos, Ilmar"]
[Result "0-1"]
[WhiteElo "2020"]
[BlackElo "2194"]
[PlyCount "48"]
[EventDate "2021.??.??"]
[EventType "tourn (rapid)"]
[EventRounds "6"]
[SourceTitle "Corr 2024"]
[Source "ChessBase"]
[SourceDate "2023.10.19"]
[SourceVersion "1"]
[SourceVersionDate "2023.10.19"]
[SourceQuality "1"]

1. e4 c6 2. d4 d5 3. e5 Bf5 4. h4 h6 5. g4 Be4 6. f3 Bh7 7. e6 Qd6 8. exf7+ Kxf7 9. f4 Nf6 10. Nf3 Nxg4 11. h5 Qe6+ 12. Ne5+ Nxe5 13. fxe5 Ke8 14. Be3 c5 15. Nc3 Nc6 16. Bb5 a6 17. Bxc6+ Qxc6 18. Rf1 cxd4 19. Qxd4 e6 20. Qf4 Be7 21. 0-0-0 Rf8 22. Qg4 Rxf1 23. Rxf1 Bf8 24. Kb1 Rc8 0-1

[Event "FICGS rapid A 000277 email"]
[Site "FICGS email"]
[Date "2021.12.19"]
[Round "1"]
[White "Swiatek, Janusz"]
[Black "Ambos, Ilmar"]
[Result "1/2-1/2"]
[WhiteElo "2057"]
[BlackElo "2194"]
[PlyCount "57"]
[EventDate "2021.??.??"]
[EventType "tourn (rapid)"]
[EventRounds "6"]
[SourceTitle "Corr 2024"]
[Source "ChessBase"]
[SourceDate "2023.10.19"]
[SourceVersion "1"]
[SourceVersionDate "2023.10.19"]
[SourceQuality "1"]

1. Nf3 d5 2. d4 Nf6 3. c4 e6 4. Nc3 Bb4 5. cxd5 exd5 6. Bf4 c6 7. e3 Bf5 8. Qb3 Qb6 9. h3 a5 10. a3 Bxc3+ 11. Qxc3 Ne4 12. Qc1 Nd7 13. Be2 0-0 14. 0-0 h6 15. Ne5 Nxe5 16. Bxe5 Rfe8 17. f3 Nf6 18. a4 Nd7 19. Bg3 c5 20. Bb5 cxd4 21. exd4 Qxd4+ 22. Bf2 Qf6 23. Qf4 Rec8 24. Bxd7 Bxd7 25. Qxf6 gxf6 26. Rfd1 Rc2 27. Rxd5 Bc6 28. Rh5 Rd8 29. Be3 1/2-1/2

[Event "FICGS rapid M 000125 email"]
[Site "FICGS email"]
[Date "2021.09.05"]
[Round "1"]
[White "Ambos, Ilmar"]
[Black "Knittel, Martin"]
[Result "1-0"]
[WhiteElo "2164"]
[BlackElo "2174"]
[PlyCount "29"]
[EventDate "2021.??.??"]
[EventType "tourn (rapid)"]
[EventRounds "6"]
[SourceTitle "Corr 2024"]
[Source "ChessBase"]
[SourceDate "2023.10.19"]
[SourceVersion "1"]
[SourceVersionDate "2023.10.19"]
[SourceQuality "1"]

1. e4 e5 2. Nf3 Nc6 3. Bc4 Bc5 4. b4 Bxb4 5. c3 Ba5 6. d4 exd4 7. 0-0 Nf6 8. Ba3 d6 9. e5 Ne4 10. exd6 cxd6 11. Qe2 Bf5 12. Nbd2 0-0 13. Nxe4 Re8 14. Bd5 Bxc3 15. Qd3 1-0

[Event "FICGS rapid M 000125 email"]
[Site "FICGS email"]
[Date "2021.09.05"]
[Round "1"]
[White "Duttagupta, Aniruddha"]
[Black "Ambos, Ilmar"]
[Result "1/2-1/2"]
[WhiteElo "2225"]
[BlackElo "2164"]
[PlyCount "39"]
[EventDate "2021.??.??"]
[EventType "tourn (rapid)"]
[EventRounds "6"]
[SourceTitle "Corr 2024"]
[Source "ChessBase"]
[SourceDate "2023.10.19"]
[SourceVersion "1"]
[SourceVersionDate "2023.10.19"]
[SourceQuality "1"]

1. d4 Nf6 2. Nf3 d5 3. Bf4 c5 4. e3 Nc6 5. Nbd2 Qb6 6. dxc5 Qxb2 7. Rb1 Qc3 8. Bb5 e6 9. e4 Bxc5 10. 0-0 0-0 11. Bxc6 bxc6 12. Be5 Qa5 13. Nb3 Qb4 14. Bxf6 gxf6 15. e5 fxe5 16. Nxe5 Bb6 17. Na5 Qd4 18. Qh5 Bxa5 19. Qg5+ Kh8 20. Qf6+ 1/2-1/2

[Event "FICGS class C 000336 email"]
[Site "FICGS email"]
[Date "2021.01.26"]
[Round "1"]
[White "Ambos, Ilmar"]
[Black "Krakovsky, Peter"]
[Result "1-0"]
[WhiteElo "2160"]
[BlackElo "1805"]
[PlyCount "85"]
[EventDate "2021.??.??"]
[EventType "tourn (corr)"]
[EventRounds "1"]
[SourceTitle "Corr 2022"]
[Source "ChessBase"]
[SourceDate "2021.10.24"]
[SourceVersion "1"]
[SourceVersionDate "2021.10.24"]
[SourceQuality "1"]

1. d4 d5 2. c4 c6 3. Nf3 Nf6 4. Nc3 e6 5. e3 Nbd7 6. Qc2 Bd6 7. Bd3 0-0 8. 0-0 dxc4 9. Bxc4 b5 10. Be2 Bb7 11. Rd1 Qc7 12. Bd2 Rfe8 13. Rac1 Rac8 14. b4 e5 15. Bd3 exd4 16. exd4 h6 17. a3 Qb8 18. Re1 Rxe1+ 19. Rxe1 Re8 20. Rxe8+ Qxe8 21. Qc1 a6 22. h3 Nd5 23. Nxd5 cxd5 24. Bxh6 gxh6 25. Qxh6 Bc7 26. Bh7+ Kh8 27. Bf5+ Kg8 28. h4 Nf8 29. Qg5+ Kh8 30. g3 Bd8 31. Qh6+ Kg8 32. Ng5 Bc6 33. h5 Bd7 34. Bh7+ Nxh7 35. Qxh7+ Kf8 36. Qh8+ Ke7 37. Qg7 Kd6 38. Nxf7+ Kc7 39. Qg6 Qe1+ 40. Kg2 Be7 41. h6 Qe4+ 42. Qxe4 dxe4 43. h7 1-0

[Event "FICGS class C 000336 email"]
[Site "FICGS email"]
[Date "2021.01.26"]
[Round "1"]
[White "Ambos, Ilmar"]
[Black "Pech, Jaroslav Sr"]
[Result "1/2-1/2"]
[WhiteElo "2160"]
[BlackElo "1904"]
[PlyCount "99"]
[EventDate "2021.??.??"]
[EventType "tourn (corr)"]
[EventRounds "1"]
[SourceTitle "Corr 2024"]
[Source "ChessBase"]
[SourceDate "2023.10.19"]
[SourceVersion "1"]
[SourceVersionDate "2023.10.19"]
[SourceQuality "1"]

1. e4 c5 2. Nf3 Nc6 3. d4 cxd4 4. Nxd4 Nf6 5. Nc3 e5 6. Ndb5 d6 7. Bg5 a6 8. Na3 b5 9. Nd5 Be7 10. Bxf6 Bxf6 11. c3 0-0 12. Nc2 Bg5 13. a4 bxa4 14. Rxa4 a5 15. Bc4 Rb8 16. b3 Kh8 17. Nce3 g6 18. h4 Bxh4 19. g3 Bg5 20. f4 exf4 21. gxf4 Bh4+ 22. Kd2 Ne7 23. Qg1 Nxd5 24. Nxd5 Be6 25. Qh2 g5 26. Kc2 Bxd5 27. Bxd5 f6 28. Qh3 Qb6 29. Rd4 Rbc8 30. Kb2 Rc7 31. Rd2 Qc5 32. Rc1 Qb5 33. Rg2 Rg7 34. Rh1 Qd7 35. Qd3 Qa7 36. Qf3 Rc8 37. Be6 Rb8 38. Qd3 Qc5 39. Bd5 Qc7 40. Rhg1 Qa7 41. Qe2 Qc5 42. Rh1 Qc8 43. Qf3 Qd7 44. Qd3 Qc7 45. Rh3 Rc8 46. Be6 Re8 47. Bf5 Rb8 48. Qd5 Qb7 49. Qd1 Qb6 50. Rgh2 1/2-1/2

[Event "FICGS class C 000336 email"]
[Site "FICGS email"]
[Date "2021.01.26"]
[Round "1"]
[White "Nemchenko, Valery"]
[Black "Ambos, Ilmar"]
[Result "0-1"]
[WhiteElo "2001"]
[BlackElo "2160"]
[PlyCount "50"]
[EventDate "2021.??.??"]
[EventType "tourn (corr)"]
[EventRounds "1"]
[SourceTitle "Corr 2022"]
[Source "ChessBase"]
[SourceDate "2021.10.24"]
[SourceVersion "1"]
[SourceVersionDate "2021.10.24"]
[SourceQuality "1"]

1. Nf3 Nf6 2. g3 d5 3. Bg2 c6 4. 0-0 Bf5 5. d3 e6 6. Nh4 Bg4 7. h3 Bh5 8. Bg5 h6 9. Bd2 Nbd7 10. Nc3 g5 11. Nf3 g4 12. hxg4 Bxg4 13. Nh4 Rg8 14. Bf3 d4 15. Ne4 Nxe4 16. Bxe4 Be7 17. Ng2 h5 18. c3 h4 19. gxh4 Bxh4 20. Bf3 Bxf3 21. exf3 Qf6 22. f4 0-0-0 23. Qf3 Ne5 24. Qe2 Rxg2+ 25. Kxg2 Qg6+ 0-1

[Event "FICGS class C 000336 email"]
[Site "FICGS email"]
[Date "2021.01.26"]
[Round "1"]
[White "Vollmer, Steve"]
[Black "Ambos, Ilmar"]
[Result "0-1"]
[WhiteElo "1802"]
[BlackElo "2160"]
[PlyCount "60"]
[EventDate "2021.??.??"]
[EventType "tourn (corr)"]
[EventRounds "1"]
[SourceTitle "Corr 2022"]
[Source "ChessBase"]
[SourceDate "2021.10.24"]
[SourceVersion "1"]
[SourceVersionDate "2021.10.24"]
[SourceQuality "1"]

1. d4 Nf6 2. c4 g6 3. f3 Bg7 4. e4 d6 5. Bd3 0-0 6. Ne2 e5 7. d5 Nh5 8. 0-0 f5 9. Nbc3 f4 10. b4 g5 11. c5 g4 12. Qe1 Kh8 13. a4 gxf3 14. gxf3 Bh3 15. Ba3 Qg5+ 16. Ng3 fxg3 17. Ra2 gxh2+ 18. Kxh2 Nf4 19. Bc4 Qh5 20. Kg1 Qg5+ 21. Kh2 Bxf1 22. Bxf1 Rf6 23. Bg2 Rg6 24. Qf1 Nc6 25. dxc6 Qg3+ 26. Kg1 Nh3+ 27. Kh1 Rh6 28. Bxh3 Rxh3+ 29. Qxh3 Qxh3+ 30. Kg1 Bh6 0-1

[Event "FICGS class A 000241 email"]
[Site "FICGS email"]
[Date "2020.12.27"]
[Round "1"]
[White "Ambos, Ilmar"]
[Black "Jempty, George"]
[Result "1-0"]
[WhiteElo "2160"]
[BlackElo "2061"]
[PlyCount "81"]
[EventDate "2020.??.??"]
[EventType "tourn (corr)"]
[EventRounds "6"]
[SourceTitle "Corr 2022"]
[Source "ChessBase"]
[SourceDate "2021.10.24"]
[SourceVersion "1"]
[SourceVersionDate "2021.10.24"]
[SourceQuality "1"]

1. e4 e5 2. Nc3 Nf6 3. f4 d5 4. fxe5 Nxe4 5. Qf3 f5 6. d3 Nxc3 7. bxc3 d4 8. Be2 Nc6 9. Qg3 Be6 10. c4 Qd7 11. Rb1 0-0-0 12. h4 b6 13. Nh3 Bc5 14. Bd1 Rhe8 15. 0-0 h6 16. Bd2 Bg8 17. Rxf5 Bxc4 18. Nf4 Bxa2 19. Bg4 Kb8 20. e6 Qd6 21. Re1 a5 22. Qf3 Rf8 23. Qe4 Ne7 24. Re5 c6 25. Bh5 a4 26. Qh7 a3 27. Qxg7 Rg8 28. Qf6 Kb7 29. R5e2 Rdf8 30. Bf7 Rg4 31. h5 Nd5 32. Nxd5 Bxd5 33. Qf5 Rg7 34. Bxh6 Rgxf7 35. exf7 Rxf7 36. Qg5 Qc7 37. Qh4 Bd6 38. Ra1 a2 39. Bg5 Bg3 40. Qh3 Bf4 41. Qg4 1-0

[Event "FICGS class A 000241 email"]
[Site "FICGS email"]
[Date "2020.12.27"]
[Round "1"]
[White "Ambos, Ilmar"]
[Black "Wyngaarden, Martin"]
[Result "0-1"]
[WhiteElo "2160"]
[BlackElo "2061"]
[PlyCount "80"]
[EventDate "2020.??.??"]
[EventType "tourn (corr)"]
[EventRounds "6"]
[SourceTitle "Corr 2022"]
[Source "ChessBase"]
[SourceDate "2021.10.24"]
[SourceVersion "1"]
[SourceVersionDate "2021.10.24"]
[SourceQuality "1"]

1. d4 d5 2. c4 c6 3. Nf3 Nf6 4. Nc3 e6 5. e3 Nbd7 6. Qc2 Bd6 7. g4 h6 8. Rg1 e5 9. Be2 Qe7 10. h4 dxc4 11. Bd2 e4 12. g5 exf3 13. gxf6 Nxf6 14. Bxf3 Be6 15. e4 Nd5 16. exd5 Bf5+ 17. Be4 cxd5 18. 0-0-0 dxe4 19. Rxg7 0-0-0 20. Nb5 a6 21. Qxc4+ Kb8 22. Nxd6 Qxd6 23. Qxf7 Qc6+ 24. Bc3 Rd5 25. Rdg1 Rc8 26. Rg8 Ka7 27. Rxc8 Bxc8 28. Qg6 Qa4 29. Kb1 e3 30. Qg3 Bf5+ 31. Ka1 exf2 32. Qxf2 Bc2 33. a3 Bb3 34. Bd2 h5 35. Rg3 Rd7 36. d5+ b6 37. Rg6 Rb7 38. Qf3 Bc4 39. d6 Qc2 40. Rf6 Qxd2 0-1

[Event "FICGS class C 000303 email"]
[Site "FICGS email"]
[Date "2019.04.08"]
[Round "1"]
[White "Ambos, Ilmar"]
[Black "Duttagupta, Aniruddha"]
[Result "1/2-1/2"]
[WhiteElo "1989"]
[BlackElo "2122"]
[PlyCount "91"]
[EventDate "2019.??.??"]
[EventType "tourn (corr)"]
[EventRounds "1"]
[SourceTitle "Corr 2022"]
[Source "ChessBase"]
[SourceDate "2021.10.24"]
[SourceVersion "1"]
[SourceVersionDate "2021.10.24"]
[SourceQuality "1"]

1. d4 Nf6 2. c4 e6 3. Nf3 b6 4. g3 Ba6 5. b3 Bb7 6. Bg2 Bb4+ 7. Bd2 a5 8. 0-0 0-0 9. Qc2 d6 10. Nc3 Nbd7 11. Rfe1 Bxc3 12. Bxc3 Be4 13. Qb2 c6 14. a4 d5 15. Rac1 Qe7 16. Nd2 Bxg2 17. Kxg2 c5 18. dxc5 bxc5 19. cxd5 exd5 20. Bxf6 Nxf6 21. Qc2 Rfc8 22. e4 d4 23. Nc4 Qe6 24. Kg1 Rd8 25. Qd3 Qa6 26. Qd2 Rdb8 27. e5 Nd7 28. Qd1 Qc6 29. f4 Qd5 30. Rf1 f6 31. exf6 Nxf6 32. Re1 d3 33. Re3 Rd8 34. Qf3 Qxf3 35. Rxf3 Rab8 36. Nd2 Rd5 37. Rc3 Rbd8 38. h3 Rd4 39. Kf2 h5 40. Ke1 Ne4 41. Nxe4 Rxe4+ 42. Kd1 Rb4 43. Rfxd3 Rxd3+ 44. Rxd3 c4 45. bxc4 Rxc4 46. f5 1/2-1/2